000 03037cam a2200325 i 4500
003 KPN
005 20260210160253.0
008 2026021b 00| 0 eng d
020 _a9780399590528
_qpaperback
_cRM57.00
040 _cKPN
082 0 0 _223
_a270.092 WES 2018
100 1 _aWestover, Tara,
_eauthor.
245 1 0 _aEducated :
_ba memoir /
_cTara Westover.
250 _aFirst edition.
264 1 _aNew York :
_bRandom House,
_c2018
300 _axiii, 336 pages ;
_c25 cm
505 0 _aChoose the good -- The midwife -- Cream shoes -- Apache women -- Honest dirt -- Shield and buckler -- The Lord will provide -- Tiny harlots -- Perfect in his generations -- Shield of feathers -- Instinct -- Fish eyes -- Silence and the churches -- My feet no longer touch the earth -- No more a child -- Disloyal man, disobedient heaven -- To keep it holy -- Blood and feathers -- In the beginning -- Recitals of the fathers -- Skullcap -- What we whispered and what we screamed -- "I'm from Idaho" -- A knight, errant -- The work of sulphur -- Waiting for moving water -- If i were a woman -- Pygmalion -- Graduation -- The hand of the almighty -- Tragedy -- A brawling woman in a wide house -- Sorcery of physics -- The substance of things -- West of the sun -- Four long arms, whirling -- Gambling for redemption -- The family, morality, and social science -- The princess -- Educated.
520 _a"Tara Westover was seventeen the first time she set foot in a classroom. Born to survivalists in the mountains of Idaho, she prepared for the end of the world by stockpiling home-canned peaches and sleeping with her "head-for-the-hills bag." In the summer she stewed herbs for her mother, a midwife and healer, and in the winter she salvaged in her father's junkyard. The family was so isolated from mainstream society that there was no one to ensure the children received an education, and no one to intervene when one of Tara's older brothers became violent. As a way out, Tara began to educate herself, learning enough mathematics and grammar to be admitted to Brigham Young University. Her quest for knowledge would transform her, taking her over oceans and across continents, to Harvard and to Cambridge. Only then would she wonder if she'd traveled too far, if there was still a way home. With the acute insight that distinguishes all great writers, Tara Westover has crafted a universal coming-of-age story that gets to the heart of what an education offers: the perspective to see one's life through new eyes, and the will to change it."--Provided by publisher.
600 1 0 _aWestover, Tara
_xFamily.
650 0 _aWomen
_zIdaho
_vBiography.
650 0 _aSurvivalism
_zIdaho
_vBiography.
650 0 _aHome schooling
_zIdaho
_vAnecdotes.
650 0 _aWomen college students
_zUnited States
_vBiography.
650 0 _aVictims of family violence
_zIdaho
_vBiography.
650 0 _aSubculture
_zIdaho.
650 0 _aChristian biography.
650 0 _aIdaho
_xRural conditions
_vAnecdotes.
651 0 _aIdaho
_vBiography.
942 _2ddc
_c1
_n0
999 _c1708
_d1708